000 00808pam a2200265 a 4500
005 20260322212026.0
008 data
010 _a 96048003
020 _a0345400410
020 _a9780345400413
040 _aDLC
_cDLC
_dDLC
050 0 0 _aBV215
_b.J67 1997
082 0 0 _a248.3/2
_221
092 _a248.3 J67 1997
100 1 _aJones, Timothy K.,
_d1955-
245 1 4 _aThe art of prayer :
_ba simple guide /
_cTimothy K. Jones.
250 _a1st ed.
260 _aNew York :
_bBallantine Books,
_c1997.
300 _aix, 256 p. ;
_c21 cm.
504 _aIncludes bibliographical references (p. 237-248) and index.
600 1 0 _aJones, Timothy K.,
_d1955-
650 0 _aPrayer
_xChristianity.
856 4 2 _3Publisher description
_uhttp://www.loc.gov/catdir/description/random046/96048003.html
001 data
999 _c587
_d587